1565 1675 1531 1819 1373 1869 1079 1013 1473 1973 1284 1461 1974 1369 1057 1909 1287 1970 1441 1729 1731 1830 1511 1418 1962 1389 1184 1405 1937 1846 1052 1617 1339 1156 1374 1594 1483 1915 1266 1978 1723 1474 1217 1065 1653 1149 1666 1043 1353 1785 1085 1833 1801 1562 1080 1295 1907 1710 1648 1278 1688 1005 1193 1358 1250 1273 1521 1904 1853 1389 1004 1736 1454 1034 1222 1403 1740 1263 1459 1479 1764 1043 1859 1607 1413 1644 1681 1328 1826 1238 1676 1958 1050 1349 1842 1218 1582 1890 1209 BCNSPRNW ULIB Ver.6.0+V

เปลี่ยนเป็นภาษาไทย

Change to English
 แสดงรายละเอียดบรรณานุกรม
  กลับหน้าหลัก

Brief Record : Get Marc (ISO 2709) : E-mail record : QR code < ปิดหน้าต่าง
LEADER : 00000nam 2200000uu 4500
001    13399127135
003     ULIB
008    191017s2019||||th 000 0 tha d
020    ^a9780729542678
060    ^aWY157^bS168M^cVol.2
100    ^aSALLY PAIRMAN
245    ^aMIDWIFERY PREPARATION FOR PRACTICE 4e Vol.2
250    ^a4th ed
260    ^aAustralia :^bElsevier,^c2019
300    ^a1059 pages;^b30 cm
650    ^aPREPARATION^xPRACTICE
945    ^p3420^l0^i006325
999    ^aประนอม เกษจรัล
รายการนี้ยังไม่มีแท็ก
คุณยังไม่ได้ล็อกอิน คุณสามารถมีกิจกรรมร่วมกับเว็บไซต์ได้ แต่ต้องล็อกอินก่อน ::
  ล็อกอิน

รายการสื่อสารสนเทศ

ลำดับที่ ประเภท เลขเรียก/บาร์โค้ด สถานที่ สถานะ
1. Book การพยาบาล
Book การพยาบาล
WY157 S168M Vol.2 ฉ.1 
  Barcode: 006325
ห้องสมุดวิทยาเขตสวรรค์ประชารักษ์
►หนังสือทั่วไป
ถูกยืม กำหนดส่งวันที่ 28 สิงหาคม 2568
  จอง

รายการใกล้เคียง
    ผู้แต่ง [SALLY PAIRMAN]

BibComment


ยังไม่เคยถูกคอมเมนท์

คอมเมนท์ทรัพยากรรายการนี้
  คอมเมนท์: MIDWIFERY PREPAR..


 Copyright 2026. Bcnsprnw @Library